00517nam a22001697a 450000500170000001000150001702000270003203500130005903700130007210000280008524500620011325000120017526000310018727000800021830000300029850000190032820150202103555.0 aENG-107932 c1995.00a9788180388125 aEN-91465 bDBAD/PUB aMulla, Dinshaw Fardunji00aThe transfer of property act /cby Dinshaw Fardunji Mulla a11th ed aGurgaonbLexis Nexisc2013 a14th Floor, Bldg. No.10, Tower-B, DLF Cyber City, Phase-IIbGurgaone122002 acclxxxi, 1098p.c26cm(Hb) aIncludes index